Place names containing "one" - Statistics

General Stats
  • This quiz has been taken 12 times
  • The average score is 8 of 20
Answer Stats
Clue Geographical entity % Correct
The capital of Botswana Gaborone
100%
Country of over 280 million people Indonesia
82%
City at the epicentre of the Russia-Ukraine war Donetsk
73%
West African country Sierra Leone
73%
River and national park in Wyoming Yellowstone
64%
Russian lake Onega
55%
River and French wine region Rhone
55%
County and town in Ireland Donegal
45%
Pacific archipelago Micronesia
45%
Town on the River Shannon in Westmeath, Ireland Athlone
27%
Town in Antrim with a typically Irish name Ballymoney
27%
Ferry port in Kent Folkestone
27%
Renfrewshire town close to Paisley Johnstone
27%
Zambian city near Victoria Falls, formerly the capital (of Northern Rhodesia) Livingstone
27%
Town in Kent Maidstone
27%
Colombian city whose name means a waterway of a certain colour Rionegro
27%
River and city in SW Russia Voronezh
18%
Argentine province Misiones
0%
Inland town in New South Wales Scone
0%
District of Dublin Stoneybatter
0%
No matching quizzes found
Score Distribution
Percent of People with Each Score
Percentile by Number Answered
Your Score History
You have not taken this quiz